000 01026nam a2200325Ia 4500
003 OSt
005 20220912145056.0
006 a|||||r|||| 00| 0
007 ta
008 220909b |||||||| |||| 00| 0 eng d
020 _a9780444535269 (hbd)
024 _a96443
037 _b319, 26/02/2010, N R Book Distributors
037 _cTextbook
040 _aCSL
_beng
_cCSL
041 _aeng
082 _aH2, Q0 TH
100 _aAlonso-Zarza A M Ed.
245 0 _aCarbonates in continental settings:geochemistry, diagenesis and applications
260 _aAmsterdam
_bElsevier
_c2010
300 _axii, 319p.
_ccm.
490 _aDevelopments in sedimentology, 62
500 _aIncludes bibliographical references.; Index 313-319p.
650 _a Geochemistry
650 _a Sedimentology
650 _aGeology
700 _a Tanner L H Ed.
942 _hH2, Q0 TH
_cTB
_2CC
999 _c22557
_d22557